|
|
|
|
| LEADER |
00000cam a2200000 7i4500 |
| 001 |
0000003703 |
| 005 |
20240927.0 |
| 008 |
991206 enk eng |
| 020 |
|
|
|a 0854062882
|
| 040 |
|
|
|a INS
|b eng
|e rda
|
| 090 |
0 |
0 |
|a HG8704.67
|b .P9451 1985
|
| 110 |
2 |
|
|a The royaal institution of chartered surveyors
|
| 245 |
0 |
0 |
|a Property insurance :
|b some points to consider in relation to the proper cover of risks
|c The general practice division of the royaal institution of chartered surveyors
|
| 250 |
|
|
|a Third edition
|
| 264 |
|
1 |
|a London :
|b Surveyor Publications
|c 1985
|
| 300 |
|
|
|a 38 pages ;
|c 20 cm.
|
| 336 |
|
|
|a text
|2 rdacontent
|
| 337 |
|
|
|a unmediated
|2 rdamedia
|
| 338 |
|
|
|a volume
|2 rdacarrier
|
| 500 |
|
|
|a Includes index
|
| 650 |
|
0 |
|a InsuranceIxpropertyIyGreat Britain
|
| 999 |
|
|
|a 0000005140
|b BOOK
|c Open Shelf
|e Default branch
|